MAX-DOAS formaldehyde slant column measurements during CINDI: intercomparison and analysis improvement
Gespeichert in:
| Hauptverfasser: | , , |
|---|---|
| Dokumenttyp: | Article (Journal) |
| Sprache: | Englisch |
| Veröffentlicht: |
31 Jan 2013
|
| In: |
Atmospheric measurement techniques
Year: 2013, Jahrgang: 6, Heft: 1, Pages: 167-185 |
| ISSN: | 1867-8548 |
| DOI: | 10.5194/amt-6-167-2013 |
| Online-Zugang: | Verlag, kostenfrei, Volltext: http://dx.doi.org/10.5194/amt-6-167-2013 |
| Verfasserangaben: | G. Pinardi, M. van Roozendael, N. Abuhassan, C. Adams, A. Cede, K. Clémer, C. Fayt, U. Frieß, M. Gil, J. Herman, C. Hermans, F. Hendrick, H. Irie, A. Merlaud, M. Navarro Comas, E. Peters, A.J.M. Piters, O. Puentedura, A. Richter, A. Schönhardt, R. Shaiganfar, E. Spinei, K. Strong, H. Takashima, M. Vrekoussis, T. Wagner, F. Wittrock, and S. Yilmaz |
MARC
| LEADER | 00000caa a2200000 c 4500 | ||
|---|---|---|---|
| 001 | 1543774563 | ||
| 003 | DE-627 | ||
| 005 | 20220813013610.0 | ||
| 007 | cr uuu---uuuuu | ||
| 008 | 160708s2013 xx |||||o 00| ||eng c | ||
| 024 | 7 | |a 10.5194/amt-6-167-2013 |2 doi | |
| 035 | |a (DE-627)1543774563 | ||
| 035 | |a (DE-576)473774569 | ||
| 035 | |a (DE-599)BSZ473774569 | ||
| 035 | |a (OCoLC)1340923649 | ||
| 040 | |a DE-627 |b ger |c DE-627 |e rda | ||
| 041 | |a eng | ||
| 084 | |a 29 |2 sdnb | ||
| 100 | 1 | |a Pinardi, G. |e VerfasserIn |4 aut | |
| 245 | 1 | 0 | |a MAX-DOAS formaldehyde slant column measurements during CINDI |b intercomparison and analysis improvement |c G. Pinardi, M. van Roozendael, N. Abuhassan, C. Adams, A. Cede, K. Clémer, C. Fayt, U. Frieß, M. Gil, J. Herman, C. Hermans, F. Hendrick, H. Irie, A. Merlaud, M. Navarro Comas, E. Peters, A.J.M. Piters, O. Puentedura, A. Richter, A. Schönhardt, R. Shaiganfar, E. Spinei, K. Strong, H. Takashima, M. Vrekoussis, T. Wagner, F. Wittrock, and S. Yilmaz |
| 264 | 1 | |c 31 Jan 2013 | |
| 300 | |a 19 | ||
| 336 | |a Text |b txt |2 rdacontent | ||
| 337 | |a Computermedien |b c |2 rdamedia | ||
| 338 | |a Online-Ressource |b cr |2 rdacarrier | ||
| 500 | |a Gesehen am 08.07.2016 | ||
| 700 | 1 | |a Frieß, Udo |e VerfasserIn |0 (DE-588)106331822X |0 (DE-627)810984709 |0 (DE-576)177386088 |4 aut | |
| 700 | 1 | |a Yilmaz, Selami |e VerfasserIn |0 (DE-588)1021054100 |0 (DE-627)691436657 |0 (DE-576)359721230 |4 aut | |
| 773 | 0 | 8 | |i Enthalten in |t Atmospheric measurement techniques |d Katlenburg-Lindau : Copernicus, 2008 |g 6(2013), 1, Seite 167-185 |h Online-Ressource |w (DE-627)605214441 |w (DE-600)2505596-3 |w (DE-576)308906225 |x 1867-8548 |7 nnas |a MAX-DOAS formaldehyde slant column measurements during CINDI intercomparison and analysis improvement |
| 773 | 1 | 8 | |g volume:6 |g year:2013 |g number:1 |g pages:167-185 |g extent:19 |a MAX-DOAS formaldehyde slant column measurements during CINDI intercomparison and analysis improvement |
| 856 | 4 | 0 | |u http://dx.doi.org/10.5194/amt-6-167-2013 |x Verlag |x Resolving-System |z kostenfrei |3 Volltext |
| 951 | |a AR | ||
| 992 | |a 20160708 | ||
| 993 | |a Article | ||
| 994 | |a 2013 | ||
| 998 | |g 1021054100 |a Yilmaz, Selami |m 1021054100:Yilmaz, Selami |d 130000 |d 130500 |e 130000PY1021054100 |e 130500PY1021054100 |k 0/130000/ |k 1/130000/130500/ |p 28 |y j | ||
| 998 | |g 106331822X |a Frieß, Udo |m 106331822X:Frieß, Udo |d 130000 |d 130500 |e 130000PF106331822X |e 130500PF106331822X |k 0/130000/ |k 1/130000/130500/ |p 8 | ||
| 999 | |a KXP-PPN1543774563 |e 2932808257 | ||
| BIB | |a Y | ||
| SER | |a journal | ||
| JSO | |a {"origin":[{"dateIssuedKey":"2013","dateIssuedDisp":"31 Jan 2013"}],"person":[{"given":"G.","display":"Pinardi, G.","family":"Pinardi","role":"aut"},{"role":"aut","family":"Frieß","display":"Frieß, Udo","given":"Udo"},{"given":"Selami","display":"Yilmaz, Selami","family":"Yilmaz","role":"aut"}],"relHost":[{"corporate":[{"role":"isb","display":"European Geosciences Union"}],"origin":[{"dateIssuedKey":"2008","publisherPlace":"Katlenburg-Lindau","dateIssuedDisp":"2008-","publisher":"Copernicus"}],"part":{"year":"2013","extent":"19","text":"6(2013), 1, Seite 167-185","issue":"1","volume":"6","pages":"167-185"},"recId":"605214441","pubHistory":["1.2008 -"],"physDesc":[{"extent":"Online-Ressource"}],"language":["eng"],"note":["Gesehen am 26.10.10"],"type":{"bibl":"periodical","media":"Online-Ressource"},"disp":"MAX-DOAS formaldehyde slant column measurements during CINDI intercomparison and analysis improvementAtmospheric measurement techniques","id":{"eki":["605214441"],"zdb":["2505596-3"],"issn":["1867-8548"]},"titleAlt":[{"title":"AMT"}],"title":[{"title":"Atmospheric measurement techniques","subtitle":"AMT ; an interactive open access journal of the European Geosciences Union","title_sort":"Atmospheric measurement techniques"}]}],"recId":"1543774563","name":{"displayForm":["G. Pinardi, M. van Roozendael, N. Abuhassan, C. Adams, A. Cede, K. Clémer, C. Fayt, U. Frieß, M. Gil, J. Herman, C. Hermans, F. Hendrick, H. Irie, A. Merlaud, M. Navarro Comas, E. Peters, A.J.M. Piters, O. Puentedura, A. Richter, A. Schönhardt, R. Shaiganfar, E. Spinei, K. Strong, H. Takashima, M. Vrekoussis, T. Wagner, F. Wittrock, and S. Yilmaz"]},"physDesc":[{"extent":"19 S."}],"language":["eng"],"note":["Gesehen am 08.07.2016"],"type":{"bibl":"article-journal","media":"Online-Ressource"},"id":{"eki":["1543774563"],"doi":["10.5194/amt-6-167-2013"]},"title":[{"title":"MAX-DOAS formaldehyde slant column measurements during CINDI","subtitle":"intercomparison and analysis improvement","title_sort":"MAX-DOAS formaldehyde slant column measurements during CINDI"}]} | ||
| SRT | |a PINARDIGFRMAXDOASFOR3120 | ||